000
00317nam a2200133Ia 4500
008
230312s9999||||xx |||||||||||||| ||und||
082
_a
891.4
_b
WAS-K
100
_a
واصف علی واصف
245
0
_a
کرن کرن سورج
260
_b
Kashif
_a
pak
_c
1999
300
_a
144
650
_a
Literature
942
_c
BK
999
_c
15051
_d
15051